The essence of wisdom : parables from the Prophet and his companions = Gül kokulu hikayeler (Record no. 35734)

MARC details
000 -LEADER
fixed length control field 00528nam a2200181Ia 4500
020 ## - INTERNATIONAL STANDARD BOOK NUMBER
ISBN 9781597842631; 159784263X
050 ## - CALL MARK
Classification number BP 135 .A1 T8713/
100 ## - STATEMENT OF RESPONSIBILITY--MAIN AUTHOR NAME
Personal name Turan, Kemal
245 #4 - TITLE STATEMENT
Title The essence of wisdom : parables from the Prophet and his companions = Gül kokulu hikayeler
260 ## - PUBLICATION, DISTRIBUTION, ETC. (IMPRINT)
Place of publication New Jersey
260 ## - PUBLICATION, DISTRIBUTION, ETC. (IMPRINT)
Name of publisher Tughra Books
260 ## - PUBLICATION, DISTRIBUTION, ETC. (IMPRINT)
Year of publication 2011
300 ## - PHYSICAL DESCRIPTION
Number of Pages 184 p
650 ## - SUBJECT ADDED ENTRY--TOPICAL TERM
Topical Term Hadith Islamic ethics Hadis İslam ahlakı
942 ## - ADDED ENTRY ELEMENTS (KOHA)
Koha item type Books
Holdings
Withdrawn status Lost status Source of classification or shelving scheme Damaged status Not for loan Permanent Location Current Location Shelving location Date acquired Accession Number Price effective from Koha item type
    Library of Congress Classification     NILE UNIVERSITY OF NIGERIA - MAIN LIBRARY NILE UNIVERSITY OF NIGERIA - MAIN LIBRARY Items on shelf 04/23/2025 0001799 04/23/2025 Books